000 00340nam a2200133Ia 4500
008 240624s9999 xx 000 0 und d
041 _aeng
082 _a332.1 SUB
100 _aSUBBULAKSHMI V
245 _aISLAMIC BANKING AN INTRODUCTION
260 _c2004
_aHyderabad
_bICFAI press
300 _ax, , 195 , 23 : p. : cm.
365 _cRS
_b50
999 _c6577
_d6577